000
00347nam a2200157Ia 4500
100
_a
Avadhanulu/M.N/ Kshirsagar/P.G
650
_a
Physics
250
_a
9
942
_c
BK
366
_f
15
245
_a
Textbook of Engineering Physics
260
_b
S.Chand and Co.
_c
2011
082
_a
530
_b
AVA
546
_a
ENGLISH
_c
Computers
999
_c
29836
_d
29836